European powers: African colonies Quiz Stats

 Plays Quiz not verified by Sporcle

Support Sporcle.
Go Orange.
Score 0/12 Timer 06:00
0 Plays Today
Number of Colonies Country % Correct
30???
100%
21???
98.6%
25???
97.8%
14???
97.8%
3???
97.1%
4???
96.4%
5???
95.7%
8???
89.2%
1???
79.1%
1???
74.8%
1???
5%
2???
1.4%

You're not logged in!

Compare scores with friends on all Sporcle quizzes.
OR
Log In

From the Vault

2000s TV Setlists

by bhenderson79

"Oh man, back in '92 I saw The Golden Girls open for Nirvana. Great show."
Remove Ads.
Support Sporcle.
Get the best of Sporcle when you Go Orange. This ad-free experience offers more features, more stats, and more fun while also helping to support Sporcle. Thank you for becoming a member.

Show Comments

Extras

Top Quizzes Today


Score Distribution

Your Account Isn't Verified!

In order to create a playlist on Sporcle, you need to verify the email address you used during registration. Go to your Sporcle Settings to finish the process.

Report this User

Report this user for behavior that violates our Community Guidelines.

Details: